LDR 01159naa#a2200181#i#450# 001 RU\FGKOU VO SPBU MVD ROSSII\bibl\125009 005 20260704023145.6 011 ## _a2227-7226 100 ## _a20260630b2026####ek#y0rusy0150####ca 102 ## _aRU 200 1# _aФеномен культуры процессуального компромисса в уголовном судопроизводстве: значение и границы допустимого _eЖурнальная статья 210 1# _aСанкт-Петербург _cСАНКТ-ПЕТЕРБУРГСКИЙ УНИВЕРСИТЕТ МИНИСТЕРСТВА ВНУТРЕННИХ ДЕЛ РОССИЙСКОЙ ФЕДЕРАЦИИ _d2026 215 ## _a6 с. 608 ## _aЖурнальная статья _2local 675 ## _aОсновные принципы уголовного судопроизводства. Гласность следствия. Содействие защитника. Использование родного языка.. 343.131 _z 700 #1 _aКостенко _gНаталья Сергеевна 700 #1 _aТретьяков _gВладимир Иванович 856 4# _avestnikkf.ru _u